| LEADER : 00000nam 2200000uu 4500 |
| 001 13399129215 |
| 003 ULIB |
| 008 260511s2025||||th 000 0 tha d |
| 020 ^a9781975236311
|
| 060 0 ^aWY157.3^bR491E
|
| 100 1 ^aRicci, Susan scott.
|
| 245 1 ^aEssentials of maternity, newborn, & women s health nursing /^cSusan Scott Ricci.
|
| 246 3 ^aEssentials of maternity, newborn, and women s health nursing
|
| 250 ^aa6th ed.
|
| 260 ^aPhiladelphia :^bWolters Kluwer, ^c2025.
|
| 300 ^axvii, 843 p. :^bill. ;^c28 cm.
|
| 505 2 ^a^tPerspectives on Maternal, Newborn, and Women s Health Care -- Family-Centered Community-Based Care -- Anatomy and Physiology of the Female Reproductive System -- Common Gynecologic Issues -- Sexually Transmitted Infections -- Disorders of the Breasts -- Benign Disorders of the Female Reproductive Tract -- Cancers of the Female Reproductive Tract -- Violence and Abuse -- Fetal Development and Genetics -- Maternal Adaptation During Pregnancy -- Nursing Management During Pregnancy -- Labor and Birth Process -- Nursing Management During Labor and Birth -- Postpartum Adaptations -- Nursing Management During the Postpartum Period -- Newborn Transitioning -- Nursing Management of the Newborn -- Nursing Management of Pregnancy at Risk : Pregnancy-Related Complications -- Nursing Management of the Pregnancy at Risk : Selected Health Conditions and Vulnerable Populations -- Nursing Management of Labor and Birth at Risk -- Nursing Management of the Postpartum Patient at Risk -- Nursing Care of the Newborn with Special Needs -- Nursing Management of the Newborn at Risk : Congenital and Acquired Newborn Conditions.
|
| 650 2 ^aMaternal-Child Nursing^xnursing
|
| 650 2 ^aObstetric Nursing
|
| 650 2 ^aPregnancy Complications
|
| 650 2 ^aPregnancy^xComplications
|
| 650 0 ^aGynecologic nursing.
|
| 650 0 ^aMaternal-Child Nursing.
|
| 650 0 ^aMaternity nursing.
|
| 650 0 ^aObstetrical Nursing.
|
| 650 0 ^aPregnancy Complications^xNursing
|
| 999 ^aประนอม เกษจรัล
|